|
|
|
|
| LEADER |
01105nam a2200313 4500 |
| 001 |
000004265 |
| 003 |
397 |
| 005 |
20121211001210.0 |
| 008 |
110718s2002 viesd |
| 041 |
0 |
|
|a vie
|
| 082 |
|
|
|a 895.1
|b LO-T
|
| 100 |
1 |
|
|a Lỗ Tấn
|
| 245 |
1 |
0 |
|a Lịch sử tiểu thuyết Trung Quốc
|c Lỗ Tấn ; dịch giả : Lương Duy Tâm, Lương Duy Thứ ; hiệu đính Lương Duy Thứ
|
| 260 |
|
|
|a H.
|b Đại học Quốc gia Hà Nội
|c 2002
|
| 300 |
|
|
|a 421tr.
|c 20.5 cm.
|
| 653 |
|
|
|a Văn học Trung Quốc
|
| 653 |
|
|
|a Tiểu thuyết Trung Quốc
|
| 700 |
1 |
|
|a Lương Duy Tâm
|e dịch
|
| 910 |
|
|
|a Thi
|d 18/7/2011
|
| OWN |
|
|
|a LSP
|
| AVA |
|
|
|a UDN50
|b LSP
|d 895.1 LO-T
|e available
|t Error 5001 Not defined in file expand_doc_bib_avail.
|f 5
|g 0
|h N
|i 1
|k 1
|
| 999 |
|
|
|a From the UDN01
|
| AVA |
|
|
|a UDN50
|b LSP
|d 895.1 LO-T
|e available
|t Error 5001 Not defined in file expand_doc_bib_avail.
|f 5
|g 0
|h N
|i 1
|k 1
|
| TYP |
|
|
|a Monograph
|
| TYP |
|
|
|a Printed language
|
| 980 |
|
|
|a Mạng thư viện Đại học Đà Nẵng
|